Opitz, Martin, 1597-1639. Briefwechsel und Lebenszeugnisse ; 1 . - Berlin [u.a] : de Gruyter. - 2009 [Rezension]
| Titel: | Opitz, Martin, 1597-1639. Briefwechsel und Lebenszeugnisse ; 1 . - Berlin [u.a] : de Gruyter. - 2009 [Rezension] |
|---|---|
| Verfasser: | |
| In: |
The modern language review, Band 107, Heft 2 (2012), Seite 640-642 alle Artikel anzeigen |
| Veröffentlicht: | 2012 |
| Format: | Aufsatz |
| Sprache: | Deutsch |
| Hinweise zum Inhalt: |
zusätzliche Angaben
|
X
alg: 39499733
001A $01999:12-11-16
001B $01999:04-08-21 $t21:01:37.000
001D $01999:12-11-16
001U $0utf8
001X $00
002@ $0Aox
003@ $0394997336
007A $0394997336 $aHEB
007T $0Herdc0081756m
009P $A2 $3zusätzliche Angaben $uhttp://www.jstor.org/stable/10.5699/modelangrevi.107.2.0640
010@ $ager
011@ $a2012
021A $aOpitz, Martin, 1597-1639. Briefwechsel und Lebenszeugnisse ; 1 . - Berlin {[u.a] : de Gruyter. - 2009 [Rezension]
028A $aDunphy $dGraeme
031A $d107 $e2 $h640-642 $j2012
039B $aIn $8--Abvc--. The @modern language review. - London : MHRA, 1905-. - ISSN 0026-7937 $x201200001070002360 $9047201339
039T $8--Afu--Opitz, Martin$Z1597-1639 [Tp1]. Briefwechsel und Lebenszeugnisse ; 1. - Berlin {[u.a] : de Gruyter, 2009. - VI, 678 S. $9216384052
045F $a900.94385 $eDDC23BSB
045F/01 $a900
045F/03 $g4385
045T $aAVL $qDE-30 $2FID
045T $a7,12
045T $aLING $qDE-30 $2FID
lok: 39499733 78
exp: 39499733 78 1 #EPN
201B/01 $018-11-16 $t13:23:01.000
201U/01 $0utf8
203@/01 $0791295958
208@/01 $a12-11-16 $be
209A/01 $a/ $f000 $x00
220C/01 $aTitelaufnehmer: pg
220C/01 $aHerkunft: HI Marburg
244Z/01 $2Trx $#Silesia $#Śląsk $#Sliezsko $#Slezsko $8--Trx--Schlesien $x01 $9391173987
244Z/01 $2Trx $#arvustused $#recenzijos $#Reviews $#recenziók $#recenzje $#recenzie $#recenze $8--Trx--Rezensionen $x02 $9391357441
244Z/01 $2Trx $8--Trx--elektronische Ressource $x03 $939138452X
247C/01 $82080>Marburg/Lahn, Herder-Institut, Forschungsbibliothek, Bibliographieportal $9336309341
| LEADER | 00000caa a22000002c 4500 | ||
|---|---|---|---|
| 001 | 394997336 | ||
| 003 | DE-603 | ||
| 005 | 20210804210137.0 | ||
| 007 | tu | ||
| 008 | 161112s2012 xx |||| | u00||u|ger c | ||
| 035 | |a (DE-599)HEB394997336 | ||
| 040 | |a DE-603 |b ger |c DE-603 |d DE-603 | ||
| 041 | |a ger | ||
| 082 | 0 | 4 | |8 1\u |a 900.94385 |q DE-101 |2 23/BSB |
| 084 | |a AVL |q DE-30 |2 fid | ||
| 084 | |a 7,12 |2 ssgn | ||
| 084 | |a LING |q DE-30 |2 fid | ||
| 085 | |8 1\u |b 900 | ||
| 085 | |8 1\u |z 2 |s 4385 | ||
| 100 | 1 | |a Dunphy, Graeme | |
| 245 | 0 | 0 | |a Opitz, Martin, 1597-1639. Briefwechsel und Lebenszeugnisse ; 1 . - Berlin [u.a] : de Gruyter. - 2009 [Rezension] |
| 264 | 0 | |c 2012 | |
| 773 | 0 | 8 | |i In |t The modern language review |d London : MHRA, 1905- |x 0026-7937 |g Band 107, Heft 2 (2012), Seite 640-642 |w (DE-603)047201339 |w (DE-600)184111-7 |
| 787 | 0 | 8 | |i Rezension von |a Opitz, Martin, 1597-1639 |t Briefwechsel und Lebenszeugnisse ; 1 |d Berlin [u.a] : de Gruyter, 2009 |h VI, 678 S. |w (DE-603)216384052 |
| 856 | 4 | 2 | |u http://www.jstor.org/stable/10.5699/modelangrevi.107.2.0640 |3 zusätzliche Angaben |
| 924 | 0 | |9 2080 |a (DE-603)791295958 |b DE-2080 |c HES |d d |g / | |


